000 00598nam a22002177a 4500
005 20170124110121.0
010 _aA-682486
020 _c00.00
_a8121404657
035 _aA-682486
037 _bCen Lib/Ret
040 _aDPL
_bEN
082 _aN
_bSOM
100 _aSoma,Vira
_930570
245 _aEarth trap :
_cby Soma Vira
_brings around the world /
260 _bNational Publishing House
_c1993
_aNew Delhi
270 _bNew Delhi
_a23, darya ganj
_e110002
300 _axiii, 266p.
_c19cm(Hb)
650 _aliterature
_96262
650 _aNovel
_922513
942 _2ddc
_cEN
_hN
_mSOM
999 _c131006
_d131006